Statistics for 十種競技の種目一覧

Click here to take the quiz!

General Stats

  • This quiz has been taken 41 times
  • The average score is 8 of 10

Answer Stats

ヒント種目名% Correct
10秒12100m
100%
8m45走幅跳
93%
19m17砲丸投
90%
79m80やり投
88%
13秒36110mH
88%
55m87円盤投
85%
2m27走高跳
83%
5m76棒高跳
83%
45秒00400m走
65%
3分58秒701500m走
53%

Score Distribution

Percentile by Number Answered

Percent of People with Each Score

Your Score History

You have not taken this quiz